[Event "Reg 1 Albi - Ceit5"]
[Site "Albi"]
[Date "2007.10.21"]
[Round "1"]
[White "Adiba, Jean-Claude"]
[Black "Bedel, Jean"]
[Result "0-1"]
[WhiteElo "1650"]
[BlackElo "1750"]
[EventDate "2007.??.??"]
[PlyCount "122"]

1.c4 Nf6 2.Nc3 e6 3.g3 d5 4.cxd5 exd5 5.Bg2 Be7 6.e3 Bf5 7.Nge2 O-O 8.O-O 
c6 9.Qb3 Qc7 10.Nd4 Bd3 11.Re1 Bg6 12.Nde2 Nbd7 13.d4 Rfe8 14.Bd2 Bd6 15.
Rac1 Qb6 16.Qxb6 Nxb6 17.b3 Ba3 18.Rcd1 Bc2 19.Nb1 Bxd1 20.Nxa3 Bxe2 21.
Rxe2 Nc8 22.f3 a5 23.Nc2 Nd6 24.Kf2 b6 25.Bc3 Re7 26.b4 a4 27.a3 Rae8 28.
Bf1 Nd7 29.g4 f6 30.Bg2 Nf8 31.f4 Ne4+ 32.Bxe4 Rxe4 33.Kf3 g6 34.h4 f5 35.
gxf5 gxf5 36.Rg2+ Kf7 37.h5 R4e6 38.Rg5 Rf6 39.Be1 Ne6 40.Rg2 Rh6 41.Rh2 
Rg8 42.Bf2 Rg4 43.Ne1 Ng7 44.Nd3 Re6 45.Ne5+ Rxe5 46.fxe5 Ne6 47.Bg3 c5 
48.bxc5 bxc5 49.dxc5 Nxc5 50.Rc2 Rc4 51.Rd2 Ke6 52.Rd4 Rc3 53.Be1 Rc4 54.
Bb4 Nd7 55.Bd6 Nxe5+ 56.Bxe5 Kxe5 57.Rf4 Rxf4+ 58.exf4+ Kd4 59.h6 Kc3 60.
Ke3 d4+ 61.Ke2 Kc2 0-1

[Event "N4 - Muret / Ramonville"]
[Site "?"]
[Date "2007.10.21"]
[Round "?"]
[White "Boukhris, Khaled"]
[Black "Rizzo, D."]
[Result "0-1"]
[WhiteElo "1620"]
[BlackElo "1835"]
[EventDate "2007.10.21"]
[PlyCount "56"]

1.c4 Nf6 2.g3 e6 3.Bg2 d5 4.Nf3 Be7 5.O-O Nbd7 6.b3 c5 7.d4 b6 8.Bb2 Bb7 
9.Nc3 dxc4 10.bxc4 cxd4 11.Nxd4 Bxg2 12.Kxg2 Qc7 13.Qa4 O-O 14.f3 Rfc8 15.
Ncb5 Qxc4 16.Qxc4 Rxc4 17.Rac1 Rxc1 18.Rxc1 Bc5 19.Nc6 a5 20.a4 Nd5 21.Bd4
Bxd4 22.Ncxd4 Nc5 23.e4 Nb4 24.Na3 Rd8 25.Nc4 Rxd4 26.Nxb6 Rd2+ 27.Kh3 Rc2
28.Rd1 Nbd3 0-1

[Event "N4 - Muret / Ramonville"]
[Site "?"]
[Date "2007.10.21"]
[Round "?"]
[White "Boukhris-Ferre, Yacine"]
[Black "Tourenne, Dominique"]
[Result "1/2-1/2"]
[WhiteElo "1850"]
[BlackElo "1780"]
[EventDate "2007.10.21"]
[PlyCount "114"]

1.e4 e6 2.d4 d5 3.Nc3 Nc6 4.e5 Bd7 5.f4 Qe7 6.Nf3 O-O-O 7.Be3 Nh6 8.Bd3 f6
9.O-O Nf7 10.a3 fxe5 11.fxe5 g5 12.Qd2 h6 13.Bg6 Be8 14.Bxf7 Bxf7 15.Nxg5 
Bg8 16.Nh3 Qh7 17.Nf4 h5 18.Nh3 Be7 19.Ng5 Qg6 20.Ne2 Re8 21.h4 Bxg5 22.
Bxg5 Bh7 23.c3 Qd3 24.Rf6 Qxd2 25.Bxd2 Bf5 26.Ng3 Bg4 27.Raf1 Ne7 28.Rf7 
Nf5 29.Nxf5 Bxf5 30.Bg5 Ref8 31.Rf6 Kd7 32.Rf3 Ke8 33.b3 c6 34.c4 Rh7 35.
cxd5 cxd5 36.Rc3 Rff7 37.Rc8+ Kd7 38.Ra8 a6 39.Kf2 Kc6 40.Ke3 Bg4 41.Kd3 
Rc7 42.Rf1 Bf5+ 43.Kd2 Kb5 44.Rxf5 exf5 45.e6 Kc6 46.Rf8 Rce7 47.Bxe7 Rxe7
48.Rxf5 Rxe6 49.Rxh5 Re4 50.Kd3 Rg4 51.Rg5 Rxh4 52.Rg6+ Kd7 53.Rg7+ Kc6 
54.g3 Rh1 55.g4 Rh3+ 56.Kc2 Rh2+ 57.Kc3 Rh3+ 1/2-1/2

[Event "N4 - Muret / Ramonville"]
[Site "?"]
[Date "2007.10.21"]
[Round "?"]
[White "Rouveret, P."]
[Black "Grimmer, Jonathan"]
[Result "0-1"]
[WhiteElo "1850"]
[BlackElo "1940"]
[EventDate "2007.10.21"]
[PlyCount "54"]

1.d4 f5 2.Nc3 d5 3.Bg5 Nf6 4.Bxf6 exf6 5.e4 dxe4 6.Bc4 Nc6 7.d5 Ne5 8.Bb3 
Bb4 9.Ne2 O-O 10.Qd4 Qd6 11.O-O-O Bc5 12.Qd2 Bxf2 13.Kb1 Bd7 14.Qf4 e3 15.
h4 a5 16.a4 Ng6 17.Qf3 Nxh4 18.Rxh4 Bxh4 19.Rh1 Bg5 20.Ng3 Kh8 21.Nce2 c6 
22.dxc6 bxc6 23.Nh5 c5 24.Nef4 Rab8 25.Nxg7 Qxf4 26.Rxh7+ Kxh7 27.Qd5 Kxg7
0-1

[Event "N4 - Muret / Ramonville"]
[Site "?"]
[Date "2007.10.21"]
[Round "?"]
[White "Partinico, Jeremy"]
[Black "Steffens, D."]
[Result "1/2-1/2"]
[WhiteElo "1909"]
[BlackElo "1830"]
[EventDate "2007.10.21"]
[PlyCount "113"]

1.e4 c5 2.Nf3 d6 3.Bb5+ Bd7 4.Bxd7+ Qxd7 5.c4 g6 6.O-O Bg7 7.d4 cxd4 8.
Nxd4 Nf6 9.Nc3 O-O 10.f3 Nc6 11.Be3 Ne5 12.b3 Rfd8 13.Nde2 Nc6 14.Qd2 Qe8 
15.Rad1 e6 16.Nb5 Rd7 17.Bf4 e5 18.Bg5 Rad8 19.Nec3 a6 20.Bxf6 Bxf6 21.Nd5
Bg7 22.Nbc3 Nd4 23.Nb6 Rc7 24.Ncd5 Rc6 25.Qg5 f6 26.Qe3 Qe6 27.a4 a5 28.
Rf2 Kh8 29.Qc3 Bh6 30.Qxa5 Bg5 31.Qc3 f5 32.exf5 Nxf5 33.f4 Bh6 34.a5 Bg7 
35.fxe5 Bxe5 36.Re2 Bxc3 37.Rxe6 Bxa5 38.Na4 Rcc8 39.g4 Nh4 40.Re7 b5 41.
Nf6 Rc7 42.Rxc7 Bxc7 43.cxb5 Rf8 44.b6 Bxb6+ 45.Nxb6 Rxf6 46.Nc4 Nf3+ 47.
Kg2 Ne5 48.Nxe5 dxe5 49.Rd3 Rf4 50.Kg3 Rb4 51.Re3 Kg7 52.h3 Kf6 53.Kf2 e4 
54.Rc3 Ke5 55.Ke3 g5 56.Rc5+ Kf6 57.Rc6+ 1/2-1/2

[Event "N4 - Muret / Ramonville"]
[Site "?"]
[Date "2007.10.21"]
[Round "?"]
[White "Frit, Philippe"]
[Black "Hervet, Gilles"]
[Result "0-1"]
[WhiteElo "1966"]
[BlackElo "1998"]
[EventDate "2007.10.21"]
[PlyCount "110"]

1.e4 d5 2.exd5 Nf6 3.Nc3 Nxd5 4.Bc4 Nb6 5.Bb3 Nc6 6.Qf3 e6 7.Nge2 Be7 8.d3
O-O 9.Ne4 f5 10.N4g3 Kh8 11.Nh5 Qe8 12.Nhf4 e5 13.Nd5 e4 14.dxe4 fxe4 15.
Qg3 Nxd5 16.Bxd5 Qh5 17.Bxc6 Bh4 18.Be8 Qa5+ 19.Qc3 Bxf2+ 20.Kd1 Qd5+ 21.
Qd2 Qxd2+ 22.Bxd2 Rxe8 23.Bf4 c6 24.c3 Bg4 25.h3 Rad8+ 26.Bd2 Rxd2+ 27.
Kxd2 e3+ 28.Kd3 Bf5+ 29.Kc4 Bc2 30.Nd4 Be4 31.Ne2 Bxg2 32.Rh2 Bf3 33.Nd4 
Be4 34.Rf1 b5+ 35.Kb3 c5 36.Nc2 c4+ 37.Kb4 Bxc2 38.Rfxf2 exf2 39.Rxf2 Bd3 
40.Kxb5 Kg8 41.Ka6 Re2 42.Rxe2 Bxe2 43.Kxa7 Kf7 44.b4 cxb3 45.axb3 g5 46.
c4 h5 47.c5 g4 48.hxg4 hxg4 49.c6 g3 50.c7 Bg4 51.b4 g2 52.b5 g1=Q+ 53.b6 
Ke7 54.Kb8 Qxb6+ 55.Ka8 Bf3# 0-1

[Event "N4 - Muret / Ramonville"]
[Site "?"]
[Date "2007.10.21"]
[Round "?"]
[White "Morariu, I."]
[Black "Rolle, Pascal"]
[Result "1-0"]
[WhiteElo "2090"]
[BlackElo "1899"]
[EventDate "2007.10.21"]
[PlyCount "119"]

1.d4 d5 2.c4 c6 3.g3 Nf6 4.Bg2 dxc4 5.Nf3 Bg4 6.Ne5 Be6 7.Na3 Bd5 8.f3 b5 
9.e4 Be6 10.O-O g6 11.Nc2 Nbd7 12.Nxc6 Qb6 13.e5 Nd5 14.N6b4 Nxb4 15.Nxb4 
a5 16.f4 Rd8 17.Nc6 Rc8 18.Qf3 Bg7 19.Be3 Bh3 20.d5 Bxg2 21.Kxg2 Qc7 22.
Nxe7 Nxe5 23.fxe5 Qxe7 24.Bg5 Qb7 25.d6 Qxf3+ 26.Rxf3 h6 27.Rd1 hxg5 28.
d7+ Ke7 29.dxc8=Q Rxc8 30.Rd5 Rb8 31.Rf2 Rb6 32.Rfd2 Ke6 33.a4 bxa4 34.
Rxa5 Bxe5 35.Re2 f6 36.Rxa4 Rxb2 37.Rxb2 Bxb2 38.Rxc4 Be5 39.Kf3 Kd5 40.
Rc8 Ke6 41.Kg4 Kf7 42.Ra8 Bd4 43.Rb8 Be5 44.Rb7+ Kf8 45.h3 Ke8 46.Kf3 f5 
47.g4 fxg4+ 48.hxg4 Kf8 49.Ke4 Bf4 50.Kd5 Bc1 51.Ke6 Bf4 52.Kf6 Ke8 53.
Kxg6 Kf8 54.Rf7+ Kg8 55.Rf5 Bc1 56.Rc5 Ba3 57.Rc8+ Bf8 58.Kf6 Kh7 59.Rxf8 
Kh6 60.Rh8# 1-0

[Event "N4 - Muret / Ramonville"]
[Site "?"]
[Date "2007.10.21"]
[Round "?"]
[White "Jung, Pascal"]
[Black "Carpentier, J-C."]
[Result "1-0"]
[WhiteElo "2008"]
[BlackElo "2063"]
[EventDate "2007.10.21"]
[PlyCount "107"]

1.d4 d5 2.Nf3 Nf6 3.c4 c6 4.Nc3 e6 5.e3 Nbd7 6.Qc2 Bd6 7.b3 O-O 8.Be2 Re8 
9.O-O e5 10.cxd5 Nxd5 11.Nxd5 cxd5 12.dxe5 Nxe5 13.Bb2 Bd7 14.Rad1 Rc8 15.
Qd2 Bb5 16.Nxe5 Bxe2 17.Qxe2 Bxe5 18.Bxe5 Rxe5 19.Qd2 Qb6 20.Rc1 Rd8 21.
Rfd1 Re6 22.Qxd5 Ree8 23.Qf5 g6 24.Qg4 Qa5 25.Qe2 a6 26.h4 Rxd1+ 27.Rxd1 
Rd8 28.a4 Kf8 29.g3 Ke7 30.Qg4 Rxd1+ 31.Qxd1 Ke6 32.Qc2 Kd6 33.Kf1 Qb4 34.
Ke2 Qg4+ 35.Kd2 h5 36.Qd3+ Kc5 37.Kc3 Qb4+ 38.Kb2 Qg4 39.Kc2 f5 40.Qc3+ 
Kd5 41.Qd3+ Kc5 42.Qd2 Qe4+ 43.Kb2 Qg4 44.Ka3 Kc6 45.Qd8 Qe4 46.Qf6+ Kc5 
47.Qc3+ Kd5 48.Qg7 Kc6 49.Qxg6+ Kc5 50.Qf6 Qb4+ 51.Ka2 Qg4 52.Qe7+ Kb6 53.
Qd6+ Ka7 54.Qd4+ 1-0

[Event "N4 - Muret / Ramonville"]
[Site "?"]
[Date "2007.10.21"]
[Round "?"]
[White "Milnes, Anthony C P"]
[Black "Forestie, Pierre"]
[Result "0-1"]
[WhiteElo "2126"]
[BlackElo "2024"]
[EventDate "2007.10.21"]
[PlyCount "75"]

1.e4 e5 2.f4 d5 3.exd5 exf4 4.Nf3 Nf6 5.Bc4 Nxd5 6.Bxd5 Qxd5 7.Nc3 Qf5 8.
d4 Bd6 9.Qe2+ Qe6 10.Ng5 Qxe2+ 11.Nxe2 Bf5 12.Bxf4 O-O 13.Bxd6 cxd6 14.Kd2
h6 15.Nf3 Nd7 16.Ng3 Bh7 17.c4 Rac8 18.Rac1 Rfd8 19.Rhe1 Kf8 20.Re3 a6 21.
b3 Nf6 22.h3 d5 23.Ke1 dxc4 24.Rxc4 Nd5 25.Re2 Nf4 26.Rd2 b5 27.Rxc8 Rxc8 
28.Kf2 Nd5 29.Ne5 Rc7 30.Ne2 a5 31.Kg3 b4 32.Kf2 f6 33.Nf3 Nc3 34.Nxc3 
bxc3 35.Rd1 Ke7 36.Rc1 Kd6 37.Ke3 Kd5 38.Ne1 0-1

[Event "R1 - Moissac-Castelsarrasin / Muret"]
[Site "Castelsarrasin"]
[Date "2007.10.21"]
[Round "1.6"]
[White "Le digabel, Patrick"]
[Black "Roques, Olivier"]
[Result "0-1"]
[WhiteElo "1580"]
[BlackElo "1660"]
[EventDate "2007.10.21"]
[PlyCount "122"]

1.e4 c5 2.Nf3 d6 3.Nc3 a6 4.d4 cxd4 5.Nxd4 Nf6 6.Be2 e6 7.a3 b5 8.Bg5 Be7 
9.O-O O-O 10.b4 Bb7 11.Bf3 Nbd7 12.Nb3 Qc7 13.Na5 Ne5 14.Nxb7 Qxb7 15.Rc1 
Rac8 16.Na2 Qa7 17.Be2 Nxe4 18.Bxe7 Qxe7 19.Qd4 Nf6 20.c4 bxc4 21.Bxc4 
Nxc4 22.Rxc4 Rxc4 23.Qxc4 Qb7 24.Rc1 Nd5 25.h3 h6 26.Qc6 Qxc6 27.Rxc6 Ra8 
28.Kf1 a5 29.b5 a4 30.Rxd6 Ra5 31.Rd8+ Kh7 32.Rb8 Kg6 33.Ke2 Kf5 34.g3 Ke4
$11 35.f3+ Kd4 36.Kd2 Kc5 37.Nc3 Nxc3 38.Kxc3 Rxb5 39.Rxb5+ Kxb5 40.Kd4 
e5+ 41.Kd5 f5 42.h4 f4 43.gxf4 exf4 44.Kd4 Kc6 45.Kc4 Kd6 46.Kb4 Kd5 47.
Kxa4 Kd4 48.Kb5 Ke3 49.a4 Kxf3 50.a5 Kg3 51.a6 f3 52.a7 f2 53.a8=Q f1=Q+ 
54.Kc5 Qf5+ 55.Kd4 Qg4+ 56.Ke3 Qxh4 57.Qb8+ Kh3 58.Qf4 Qg5 59.Qxg5 hxg5 
60.Kf3 g4+ 61.Kf2 Kh2 0-1

[Event "R1 - Moissac-Castelsarrasin / Muret"]
[Site "Castelsarrasin"]
[Date "2007.10.21"]
[Round "1.5"]
[White "Dirat, Sylvain"]
[Black "Callejon, Bernard"]
[Result "1/2-1/2"]
[WhiteElo "1800"]
[BlackElo "1650"]
[EventDate "2007.10.21"]
[PlyCount "77"]

1.d4 d5 2.Bg5 Nf6 3.Nf3 Nc6 4.e3 e6 5.Bd3 Be7 6.O-O O-O 7.a3 a5 8.Nbd2 Bd7
9.c4 b6 10.Qc2 h6 11.Bh4 Re8 12.cxd5 exd5 13.Bb5 Na7 14.Bxd7 Qxd7 15.Ne5 
Qd6 16.Bg3 Qd8 17.Nc6 Nxc6 18.Qxc6 Bd6 19.Bxd6 Qxd6 20.Qxd6 cxd6 21.Rac1 
Rac8 22.Nb3 Nd7 23.Rxc8 Rxc8 24.Rc1 Rxc1+ 25.Nxc1 f6 26.a4 Kf7 27.Nd3 g5 
28.f4 f5 29.Kf2 Kf6 30.h3 Ke6 31.g4 Nf6 32.Kf3 fxg4+ 33.hxg4 Ke7 34.Nf2 
Ke6 35.f5+ Ke7 36.e4 dxe4+ 37.Nxe4 d5 38.Ng3 Kd6 39.Nh5 1/2-1/2

[Event "R1 - Moissac-Castelsarrasin / Muret"]
[Site "Castelsarrasin"]
[Date "2007.10.21"]
[Round "1.4"]
[White "Flourac, Jean-Paul"]
[Black "Prieur, Axel"]
[Result "1-0"]
[WhiteElo "1680"]
[BlackElo "1710"]
[EventDate "2007.10.21"]
[PlyCount "41"]

1.d4 Nf6 2.f3 d5 3.e4 dxe4 4.Nc3 Bf5 5.fxe4 Bxe4 6.Nxe4 Nxe4 7.Qd3 Nd6 8.
Bf4 e6 9.Nf3 Be7 10.O-O-O a6 11.g3 Nc6 12.c3 b5 13.Ne5 Nxe5 14.dxe5 Nc4 
15.Qe4 Qc8 16.Qc6+ Kf8 17.Bxc4 bxc4 18.Rd7 g5 19.Be3 Bd8 20.Bc5+ Kg7 21.
Qxe6 1-0

[Event "R1 - Moissac-Castelsarrasin / Muret"]
[Site "Castelsarrasin"]
[Date "2007.10.21"]
[Round "1.3"]
[White "Sangoï, Jean-Jacques"]
[Black "Rahal, sami-Antoine"]
[Result "1-0"]
[WhiteElo "1820"]
[BlackElo "1790"]
[EventDate "2007.10.21"]
[PlyCount "132"]

1.d4 b6 2.c4 Bb7 3.Nc3 e6 4.Bf4 Nf6 5.f3 Be7 6.e4 O-O 7.Bd3 c5 8.d5 Nh5 9.
Be3 e5 10.Nge2 d6 11.Qd2 Nd7 12.O-O Re8 13.Nd1 Nf8 14.Nf2 Ng6 15.Ng3 Nxg3 
16.hxg3 Bc8 17.Nh3 Bd7 18.Kf2 Rf8 19.g4 Bh4+ 20.g3 Be7 21.Rh1 f6 22.Rh2 
Rf7 23.Rah1 Nf8 24.b3 Rb8 25.a4 a5 26.Ng1 Rb7 27.Qd1 Qc8 28.Ne2 Qd8 29.Nc3
Qc8 30.Rh3 Ra7 31.R1h2 Rb7 32.Qh1 g5 33.Be2 Bd8 34.Rh6 Be7 35.Bd2 Bd8 36.
Nd1 Be7 37.Ne3 Qe8 38.Nf5 Kh8 39.Bc3 Kg8 40.R6h5 Kh8 41.Bd2 Rc7 42.Bd3 Ra7
43.Rh6 Rc7 44.Qc1 Qd8 45.Qh1 Qe8 46.R2h5 Qd8 47.Qc1 Ra7 48.Rh2 Rc7 49.R6h5
Ra7 50.Qh1 Rc7 51.Rg2 Ra7 52.Rh6 Rc7 53.Qh5 Qe8 54.Rh2 Kg8 55.Qh3 Qd8 56.
Rh5 Kh8 57.Kg2 Ra7 58.f4 Rc7 59.fxg5 fxg5 60.Nxe7 Qxe7 61.Bxg5 Qe8 62.Qh4 
Bc8 63.Bf6+ Kg8 64.Qg5+ Ng6 65.Qxg6+ Kf8 66.Qh6+ Rg7 1-0

[Event "R1 - Moissac-Castelsarrasin / Muret"]
[Site "Castelsarrasin"]
[Date "2007.10.21"]
[Round "1.2"]
[White "Pastorelli Loïc"]
[Black "Rivière Frédéric"]
[Result "1/2-1/2"]
[WhiteElo "1808"]
[BlackElo "1848"]
[EventDate "2007.10.21"]
[PlyCount "110"]

1.Nf3 d5 2.c4 c6 3.e3 Nf6 4.Be2 Nbd7 5.O-O e5 6.cxd5 cxd5 7.Bb5 Bd6 8.d4 
e4 9.Ne5 O-O 10.Nxd7 Bxd7 11.Nc3 Bxh2+ 12.Kxh2 Ng4+ 13.Kg3 Qc7+ 14.f4 
exf3+ 15.Kxf3 Nh2+ 16.Kf2 Nxf1 17.Qxf1 Qd6 18.Bd2 Bxb5 19.Qxb5 Rfd8 20.Rf1
a6 21.Qd3 b5 22.Rh1 h6 23.Rh5 Qe6 24.Qf5 Rac8 25.Ke2 Rc6 26.Qxe6 fxe6 27.
Kd3 Rcd6 28.Ne2 Kh7 29.Re5 g5 30.Bb4 Rc6 31.Bc5 Kg6 32.g4 Rd7 33.b4 Rf7 
34.e4 Rf3+ 35.Kd2 dxe4 36.Rxe4 h5 37.gxh5+ Kxh5 38.Re3 Kg4 39.Re4+ Kf5 40.
Re5+ Kf6 41.Nc3 Rf5 42.Re3 Rf4 43.d5 Rc8 44.Rxe6+ Kf5 45.Ne2 Rh4 46.Nd4+ 
Kf4 47.Re2 g4 48.Ne6+ Kf5 49.d6 Rh7 50.Kd3 g3 51.Nd4+ Kf6 52.Rg2 Rg8 53.
Ne2 Ke6 54.Nf4+ Ke5 55.Ke3 Rg4 1/2-1/2

[Event "R1 - Moissac-Castelsarrasin / Muret"]
[Site "Castelsarrasin"]
[Date "2007.10.21"]
[Round "1.1"]
[White "Ramahef, Eric"]
[Black "Phan, Van chuong"]
[Result "1-0"]
[WhiteElo "2010"]
[BlackElo "1884"]
[EventDate "2007.10.21"]
[PlyCount "89"]

1.e4 e6 2.d4 d5 3.Nc3 b6 4.e5 Ba6 5.Bxa6 Nxa6 6.Qe2 Qc8 7.Nf3 c6 8.O-O Ne7
9.Rd1 Nc7 10.Bf4 b5 11.a3 Ng6 12.Bg3 Be7 13.Rd3 h5 14.h3 a5 15.Qe3 a4 16.
Ne2 Na6 17.Nf4 Nxf4 18.Qxf4 Qd8 19.h4 g6 20.Rad1 c5 21.c3 O-O 22.Qh6 Re8 
23.dxc5 Nxc5 24.Rd4 Bf8 25.Qf4 Qe7 26.Nd2 Kh7 27.Qe3 Bh6 28.Bf4 Bg7 29.Bg5
Qc7 30.Re1 Nd7 31.Nf3 Nb6 32.Rf4 Nc4 33.Qe2 Rab8 34.g4 f5 35.exf6 hxg4 36.
Rxg4 Bf8 37.Bc1 Bh6 38.Bxh6 Kxh6 39.Qc2 Qf7 40.Qc1+ Kh7 41.Ng5+ Kg8 42.
Nxf7 Kxf7 43.Qh6 Rg8 44.Qh7+ Kxf6 45.Rf4# 1-0

[Event "N4 - Rodez / Colomiers"]
[Site "Rodez"]
[Date "2007.10.21"]
[Round "1"]
[White "Charruyer, Baptiste"]
[Black "Kolimaga, Vladimir"]
[Result "1-0"]
[WhiteElo "1590"]
[BlackElo "1290"]
[EventDate "2007.??.??"]
[PlyCount "97"]

1.d4 d5 2.Bf4 Nf6 3.Nf3 g6 4.e3 Bg4 5.c4 Bxf3 6.Qxf3 c6 7.Nc3 e6 8.Be5 
Nbd7 9.Bxf6 Nxf6 10.c5 b6 11.b4 bxc5 12.dxc5 Bg7 13.Rc1 a5 14.b5 O-O 15.b6
Nd7 16.Na4 Rb8 17.Ba6 Re8 18.O-O Bf8 19.Qg3 Nxc5 20.Nxc5 Bxc5 21.Qc7 Bxb6 
22.Qxd8 Rexd8 23.Rxc6 Rd7 24.Rb1 Ba7 25.Rxb8+ Bxb8 26.Rc8+ Kg7 27.Rxb8 Rc7
28.Rb1 Rc5 29.g3 h6 30.Rb5 Rxb5 31.Bxb5 Kf8 32.Kf1 Ke7 33.Ke2 g5 34.h3 e5 
35.Kd3 Kd6 36.Ba4 Kc5 37.Bb3 f5 38.g4 fxg4 39.hxg4 Kd6 40.e4 d4 41.Kc4 Ke6
42.Kc5+ Kf6 43.Kd5 d3 44.Kd6 d2 45.Bc2 Kg6 46.Kxe5 h5 47.gxh5+ Kxh5 48.
Bd1+ Kh4 49.Kf5 1-0

[Event "N4 - Rodez / Colomiers"]
[Site "Rodez"]
[Date "2007.10.21"]
[Round "1"]
[White "Cuq, Christian"]
[Black "Artis, François"]
[Result "1/2-1/2"]
[WhiteElo "1700"]
[BlackElo "1820"]
[EventDate "2007.??.??"]
[PlyCount "81"]

1.e4 c5 2.Nf3 d6 3.Bb5+ Nc6 4.O-O Bd7 5.c3 Qc7 6.Re1 e6 7.d4 a6 8.Ba4 Be7 
9.Bf4 b5 10.Bc2 e5 11.dxe5 dxe5 12.Bg3 Rd8 13.Qc1 Nh6 14.Nbd2 O-O 15.Nf1 
f6 16.Ne3 Be6 17.Nh4 Rfe8 18.Nhf5 Nf7 19.Nxe7+ Nxe7 20.b3 Qa5 21.c4 Nc6 
22.f3 Rd2 23.Nd5 Nd4 24.b4 Rxc2 25.bxa5 Rxc1 26.Raxc1 Bxd5 27.exd5 b4 28.
Bf2 Nd6 29.Kf1 Nb7 30.Bxd4 cxd4 31.Rb1 Nc5 32.Red1 Rb8 33.Ke2 Kf7 34.Rd2 
Na4 35.Kd3 Nc5+ 36.Ke2 Na4 37.Rb3 Nc5 38.Rdb2 Nxb3 39.axb3 Ke7 40.Rc2 Kd6 
41.Kd3 1/2-1/2

[Event "N4 - Rodez / Colomiers"]
[Site "Rodez"]
[Date "2007.10.21"]
[Round "1"]
[White "Ouerk, Yanis"]
[Black "Nenert, Louis"]
[Result "1-0"]
[WhiteElo "1875"]
[BlackElo "1780"]
[EventDate "2007.??.??"]
[PlyCount "45"]

1.e4 e5 2.Nf3 Nc6 3.Bb5 a6 4.Ba4 Nf6 5.O-O Bc5 6.Nxe5 O-O 7.c3 b5 8.Bc2 
Bb7 9.Nxc6 dxc6 10.d4 Bb6 11.Bg5 h6 12.Bh4 g5 13.Bg3 Qe7 14.Nd2 Nd7 15.Qh5
Qf6 16.e5 Qg7 17.Bf5 Bc8 18.Ne4 Kh8 19.Nf6 Rd8 20.Ng4 Nf8 21.Bxc8 Raxc8 
22.Nxh6 Ne6 23.Nxf7+ 1-0

[Event "N4 - Rodez / Colomiers"]
[Site "Rodez"]
[Date "2007.10.21"]
[Round "1"]
[White "Martinez, Loïc"]
[Black "Hantisse, Alain"]
[Result "1-0"]
[WhiteElo "1790"]
[BlackElo "1970"]
[EventDate "2007.??.??"]
[PlyCount "55"]

1.e4 c6 2.d4 d5 3.e5 Bf5 4.Ne2 e6 5.Ng3 Bg6 6.h4 h5 7.Be2 Be7 8.Bxh5 Bxh5 
9.Nxh5 g6 10.Ng3 Rxh4 11.Rxh4 Bxh4 12.Qg4 c5 13.Ne2 Nc6 14.c3 cxd4 15.cxd4
Nb4 16.Kd2 Bxf2 17.g3 Rc8 18.Nbc3 Nh6 19.Qf4 Bxd4 20.Nxd4 Nf5 21.Nxf5 gxf5
22.Qxb4 Rc4 23.Qb5+ Kf8 24.Ke2 Qc7 25.Bh6+ Kg8 26.Qe8+ Kh7 27.Rh1 Qc8 28.
Qe7 1-0

[Event "N4 - Rodez / Colomiers"]
[Site "Rodez"]
[Date "2007.10.21"]
[Round "1"]
[White "Moiseyev, Vlas"]
[Black "Forest, Eric"]
[Result "1/2-1/2"]
[WhiteElo "1937"]
[BlackElo "1812"]
[EventDate "2007.??.??"]
[PlyCount "77"]

1.e4 c5 2.Nf3 Nc6 3.d4 cxd4 4.Nxd4 Nf6 5.Nc3 a6 6.Be2 e6 7.O-O Be7 8.Nb3 
O-O 9.Be3 b5 10.f3 Qc7 11.a3 Rd8 12.Qe1 d6 13.Qf2 Rb8 14.Rfd1 Ne5 15.Nd2 
d5 16.exd5 Nxd5 17.Nxd5 Rxd5 18.c3 Bb7 19.Qg3 Rbd8 20.Ne4 f5 21.Ng5 Rxd1+ 
22.Rxd1 Rxd1+ 23.Bxd1 Bd5 24.Bd4 Bd6 25.Qe1 Nd3 26.Qe2 Bxh2+ 27.Kh1 Nf4 
28.Qf2 h6 29.Qh4 hxg5 30.Qxh2 Qc4 31.Qg1 Qd3 32.Qe1 g4 33.Kh2 g5 34.Qe5 
g3+ 35.Kxg3 Nh5+ 36.Kh2 Kf7 37.Qh8 Kg6 38.Qg8+ Kh6 39.Qh8+ 1/2-1/2

[Event "N4 - Rodez / Colomiers"]
[Site "Rodez"]
[Date "2007.10.21"]
[Round "1"]
[White "De Biasi, Robert"]
[Black "Casella, Laurent"]
[Result "0-1"]
[WhiteElo "1823"]
[BlackElo "2037"]
[EventDate "2007.??.??"]
[PlyCount "58"]

1.Nf3 Nf6 2.g3 g6 3.Bg2 Bg7 4.d3 O-O 5.Nbd2 d6 6.O-O e5 7.e4 Nc6 8.c3 Nh5 
9.Nc4 f5 10.Bg5 Qe8 11.exf5 gxf5 12.Ne3 Be6 13.c4 Qf7 14.Rb1 f4 15.Nd5 
Bxd5 16.Nxe5 Bxg2 17.Nxf7 f3 18.Nh6+ Kh8 19.Re1 Rae8 20.Rxe8 Rxe8 21.Be3 
Rxe3 22.fxe3 Bxh6 23.h4 Bxe3+ 24.Kh2 Ne5 25.Qxf3 Bxf3 26.Rf1 Nf6 27.Kh3 h5
28.b3 Nfg4 29.a4 Nf2+ 0-1

[Event "N4 - Rodez / Colomiers"]
[Site "Rodez"]
[Date "2007.10.21"]
[Round "1"]
[White "Genestoux, Patrick"]
[Black "Nghiem, Luat"]
[Result "1-0"]
[WhiteElo "2175"]
[BlackElo "2030"]
[EventDate "2007.??.??"]
[PlyCount "113"]

1.d4 c6 2.Nf3 d5 3.c3 Nf6 4.Bg5 Nbd7 5.Nbd2 e6 6.e3 Be7 7.Bd3 Qc7 8.Qe2 
O-O 9.e4 dxe4 10.Nxe4 Re8 11.h4 e5 12.Bxf6 Bxf6 13.Nxf6+ gxf6 14.Qe4 Nf8 
15.dxe5 Bd7 16.Qf4 fxe5 17.Qg5+ Ng6 18.Be4 f5 19.h5 Qd8 20.hxg6 Qxg5 21.
Nxg5 fxe4 22.O-O-O Bg4 23.gxh7+ Kg7 24.Rd6 Rad8 25.Nxe4 Kh8 26.Rdh6 Bf5 
27.Nd6 Rf8 28.R1h5 Bd3 29.Nxb7 Rb8 30.Nc5 e4 31.f3 exf3 32.gxf3 Rxf3 33.
Nxd3 Rxd3 34.Rxc6 Rbd8 35.a4 Rd1+ 36.Kc2 R1d2+ 37.Kb3 Rb8+ 38.Rb5 Rf8 39.
Rc7 a6 40.Rb6 a5 41.Ra7 Rxb2+ 42.Kxb2 Rf2+ 43.Kb3 Rb2+ 44.Kc4 Rxb6 45.Rxa5
Rb7 46.Rb5 Rc7+ 47.Kb4 Kxh7 48.a5 Kg6 49.a6 Kf6 50.Rb7 Rc8 51.a7 Ra8 52.c4
Ke6 53.Kb5 Kd6 54.c5+ Kd5 55.Rd7+ Ke6 56.c6 Rc8 57.Kb6 1-0

[Event "N4 - Rodez / Colomiers"]
[Site "Rodez"]
[Date "2007.10.21"]
[Round "1"]
[White "Tanguy, Fabien"]
[Black "Bollengier, Andreea"]
[Result "1/2-1/2"]
[WhiteElo "2051"]
[BlackElo "2226"]
[EventDate "2007.??.??"]
[PlyCount "40"]

1.c4 c5 2.Nc3 b6 3.Nf3 Bb7 4.e3 Nf6 5.Be2 e6 6.O-O Be7 7.d4 O-O 8.d5 exd5 
9.cxd5 d6 10.e4 Nbd7 11.Bf4 a6 12.a4 Re8 13.Qc2 Bf8 14.Rad1 Qc7 15.b3 g6 
16.Nd2 Ne5 17.Bg5 Bg7 18.Nc4 Nxc4 19.bxc4 Nd7 20.Bd3 Bd4 1/2-1/2

[Event "Nat 4 Albi - Blaye"]
[Site "Albi"]
[Date "2007.10.21"]
[Round "1"]
[White "Gayraud, Christian"]
[Black "Daourbekov, Said"]
[Result "0-1"]
[WhiteElo "1540"]
[BlackElo "1700"]
[EventDate "2007.??.??"]
[PlyCount "48"]

1.e4 e5 2.Nf3 Nc6 3.Bc4 Bc5 4.O-O d6 5.c3 Bg4 6.b4 Bb6 7.a4 a5 8.b5 Na7 9.
d4 Qe7 10.dxe5 dxe5 11.Ba3 Qf6 12.Nbd2 O-O-O 13.Be2 h5 14.c4 c5 15.Qc2 Qe7
16.Rad1 f6 17.Qc3 Nh6 18.Nb3 Qc7 19.Qe3 Bd7 20.Nxc5 Ng4 21.Qc3 Bxc5 22.
Bxc5 Qxc5 23.Qxa5 Be6 24.b6 Qxa5 0-1

[Event "Nat 4 Albi - Blaye"]
[Site "Albi"]
[Date "2007.10.21"]
[Round "1"]
[White "Fabre, Philippe"]
[Black "Imhoff, François"]
[Result "1-0"]
[WhiteElo "1722"]
[BlackElo "1580"]
[EventDate "2007.??.??"]
[PlyCount "50"]

1.e4 d6 2.d4 Nf6 3.Nc3 c6 4.f4 g6 5.Nf3 Bg4 6.h3 Bxf3 7.Qxf3 Bg7 8.e5 Nfd7
9.Bd3 O-O 10.O-O Qb6 11.Be3 Qxb2 12.Ne4 d5 13.Ng5 h6 14.Rab1 Qa3 15.e6 Nf6
16.exf7+ Kh8 17.Ne6 Na6 18.Bxg6 Qd6 19.f5 Ne4 20.Bf4 Qd7 21.Nxg7 Kxg7 22.
Qxe4 Rxf7 23.Be5+ Kf8 24.Qf4 e6 25.Qxh6+ Ke8 1-0

[Event "Nat 4 Albi - Blaye"]
[Site "Albi"]
[Date "2007.10.21"]
[Round "1"]
[White "Schertzer, Jérémie"]
[Black "Serres, Olivier"]
[Result "1-0"]
[WhiteElo "1600"]
[BlackElo "1870"]
[EventDate "2007.??.??"]
[PlyCount "103"]

1.d4 d5 2.Nf3 c6 3.Bf4 Nf6 4.c3 e6 5.Nbd2 Be7 6.e3 Nbd7 7.Bd3 c5 8.b3 O-O 
9.O-O b6 10.e4 dxe4 11.Nxe4 Bb7 12.Re1 Nxe4 13.Bxe4 Bxe4 14.Rxe4 Nf6 15.
Re2 cxd4 16.Nxd4 Nd5 17.Nc6 Qd7 18.Nxe7+ Qxe7 19.Bd2 Rfd8 20.Qc2 Rac8 21.
Qb2 b5 22.a4 bxa4 23.Rxa4 Qb7 24.Rg4 Nf6 25.Rg3 Qc6 26.c4 Kh8 27.h3 e5 28.
Rxe5 Rxd2 29.Qxd2 Ne4 30.Rxe4 Qxe4 31.Qe3 Qxe3 32.Rxe3 Kg8 33.Re7 Ra8 34.
b4 Kf8 35.Rb7 a5 36.bxa5 Rxa5 37.Rb1 Ke7 38.Kf1 Re5 39.f4 Re4 40.Re1 Rxe1+
41.Kxe1 Kd6 42.Kd2 Kc5 43.Kd3 f5 44.g4 g6 45.g5 Kd6 46.Kd4 Kc6 47.c5 Kd7 
48.Kd5 Kc7 49.c6 Kc8 50.Kd6 Kd8 51.c7+ Kc8 52.h4 1-0

[Event "Nat 4 Albi - Blaye"]
[Site "Albi"]
[Date "2007.10.21"]
[Round "1"]
[White "Roques, Michel"]
[Black "Santoul, Pascal"]
[Result "1-0"]
[WhiteElo "1780"]
[BlackElo "1620"]
[EventDate "2007.??.??"]
[PlyCount "75"]

1.e4 e5 2.Nf3 Nc6 3.Bb5 d6 4.d4 a6 5.Bxc6+ bxc6 6.dxe5 Bg4 7.exd6 Bxd6 8.
O-O Ne7 9.Bg5 O-O 10.Qd3 f6 11.Bd2 Ng6 12.h3 Bxf3 13.Qxf3 Ne5 14.Qe2 Qd7 
15.Bc3 Qe7 16.Nd2 Kh8 17.Rad1 Qe6 18.a3 Rfe8 19.Rfe1 c5 20.b3 a5 21.a4 Ng6
22.Nc4 Be5 23.Bxa5 Rxa5 24.Nxa5 Bc3 25.Nc4 Bxe1 26.Rxe1 f5 27.e5 Nf4 28.
Qe3 Nd5 29.Qxc5 Rd8 30.Rd1 c6 31.Nd6 Kg8 32.Re1 Qg6 33.Qxc6 Nf4 34.Re3 Ne6
35.Rg3 Qh6 36.Nxf5 Qc1+ 37.Kh2 Rd1 38.Qe8+ 1-0

[Event "Nat 4 Albi - Blaye"]
[Site "Albi"]
[Date "2007.10.21"]
[Round "1"]
[White "Grard, Alain"]
[Black "Sujoyan, Ararat"]
[Result "1/2-1/2"]
[WhiteElo "1650"]
[BlackElo "1920"]
[EventDate "2007.??.??"]
[PlyCount "46"]

1.e4 e5 2.Nf3 d6 3.d4 f6 4.Be2 Nc6 5.d5 Nce7 6.Bb5+ Bd7 7.Bxd7+ Qxd7 8.O-O
g5 9.Be3 h5 10.Nc3 Ng6 11.Ne2 N8e7 12.c4 b6 13.b4 Nf4 14.c5 Neg6 15.Ng3 h4
16.Nf5 Ne7 17.c6 Qc8 18.Qc2 Nxf5 19.exf5 g4 20.Bxf4 gxf3 21.Qe4 fxg2 22.
Rfe1 Rh5 23.Qxg2 Qxf5 1/2-1/2